000 00314nam a22001217a 4500
008 180301b xxu||||| |||| 00| 0 eng d
041 _aeng
080 _24 ED
_a159.9
100 _a49
101 _aPSI
245 _aPUBLICATION MANUAL OF THE AMERICAN PSYCHOLOGICAL ASSOCIATION
_cJAMES.P
942 _2udc
_cBK
999 _c43881
_d43881